[Event "87th DEN-ch"]
[Site "Silkeborg DEN"]
[Date "2008.03.18"]
[Round "4"]
[White "Rasmussen, Allan Stig"]
[Black "Hansen, Sune Berg"]
[WhiteElo "2510"]
[BlackElo "2549"]
[Result "0-1"]
[EventDate "2008.03.15"]
[PlyCount "108"]
[Source "ChessBase"]
[SourceDate "2008.05.06"]

1. e4 e5 2. Nf3 Nc6 3. Bb5 Nf6 4. O-O Nxe4 5. d4 Nd6 6. Bxc6 dxc6 7. dxe5 Nf5
8. Qxd8+ Kxd8 9. Nc3 Bd7 10. h3 Kc8 11. b3 Be7 12. Bb2 a5 13. Rad1 h5 14. Rd3
Be6 15. a4 b6 16. Ne4 c5 17. c4 Kb7 18. Nfg5 Bxg5 19. Nxg5 Rad8 20. Rfd1 Kc8
21. g4 hxg4 22. hxg4 Ne7 23. f3 Rxd3 24. Rxd3 Ng6 25. Rd2 Nf4 26. Kf2 Rh1 27.
Kg3 Ng6 28. Nh3 Ne7 29. Nf4 Nc6 30. Ne2 Rh8 31. f4 g6 32. Ng1 Rh1 33. Nf3 Rb1
34. Kh4 Rf1 35. Kg3 Bd7 36. Kg2 Rb1 37. Kg3 Nd4 38. Bxd4 cxd4 39. Nxd4 Rg1+ 40.
Rg2 Rxg2+ 41. Kxg2 Bxg4 42. c5 bxc5 43. Nc6 c4 44. bxc4 Bd1 45. Nxa5 Bxa4 46.
Kg3 c5 47. Kh4 Kc7 48. Kg5 Kb6 49. Kf6 Kxa5 50. Kxf7 Kb4 51. Kxg6 Kxc4 52. e6
Kd5 53. f5 Be8+ 54. Kg7 Ke5 0-1

[Event "87th DEN-ch"]
[Site "Silkeborg DEN"]
[Date "2008.03.18"]
[Round "4"]
[White "Schandorff, Lars"]
[Black "Jakobsen, Ole"]
[WhiteElo "2526"]
[BlackElo "2364"]
[Result "1-0"]
[EventDate "2008.03.15"]
[PlyCount "191"]
[Source "ChessBase"]
[SourceDate "2008.05.06"]

1. d4 g6 2. c4 Bg7 3. Nf3 c5 4. dxc5 Qa5+ 5. Nbd2 Qxc5 6. e3 b6 7. Be2 Bb7 8.
O-O Nf6 9. Rb1 O-O 10. b4 Qc7 11. Bb2 d6 12. Nd4 Nbd7 13. Nb5 Qb8 14. Qb3 e6
15. Qd3 d5 16. cxd5 Bxd5 17. e4 Bc6 18. Nd6 Rd8 19. Rfc1 Bb7 20. Qg3 e5 21.
Nxb7 Qxb7 22. Qe3 Rac8 23. Rxc8 Rxc8 24. Bc4 b5 25. Bb3 a6 26. h3 Re8 27. Rd1
Nb6 28. Rc1 h6 29. a3 Re7 30. Qc5 Rd7 31. Qe3 Re7 32. Rc2 Ne8 33. Rc5 Nd6 34.
Qd3 Kh7 35. Qxd6 Rd7 36. Qc6 Qxc6 37. Rxc6 Rxd2 38. Rxb6 Rxb2 39. Bxf7 g5 40.
Rxa6 Bf8 41. Be8 Rb1+ 42. Kh2 Ra1 43. Bxb5 h5 44. g3 g4 45. hxg4 hxg4 46. Bd7
Kg7 47. Ra5 Ra2 48. Kg1 Kf6 49. Bxg4 Bh6 50. f4 exf4 51. gxf4 Ke7 52. Re5+ Kd8
53. Rd5+ Ke7 54. Re5+ Kd8 55. Rd5+ Ke7 56. Rd7+ Ke8 57. Rd3 Bxf4 58. Be6 Ra1+
59. Kg2 Ke7 60. Bc4 Bd6 61. Kf3 Rc1 62. Bb3 Ra1 63. Bc4 Rc1 64. Bb3 Ra1 65. Bd1
Rb1 66. Ke3 Be5 67. Kd2 Rb2+ 68. Bc2 Bf4+ 69. Kc3 Be5+ 70. Kd2 Bf4+ 71. Kd1 Ra2
72. a4 Ra1+ 73. Ke2 Bd6 74. b5 Bc7 75. Rc3 Ba5 76. Rc6 Ra3 77. Ra6 Bb4 78. Bd3
Ra2+ 79. Ke3 Bc5+ 80. Kf4 Rd2 81. Bc4 Rf2+ 82. Ke5 Rd2 83. Bd5 Bd4+ 84. Kf4
Rf2+ 85. Kg3 Rb2 86. Rc6 Rb4 87. Rc4 Be5+ 88. Kg4 Rb1 89. Kf5 Bb8 90. Rc6 Rf1+
91. Kg4 Ra1 92. Rc4 Rb1 93. Rc8 Bd6 94. Bc6 Rg1+ 95. Kf3 Rf1+ 96. Ke2 1-0

[Event "87th DEN-ch"]
[Site "Silkeborg DEN"]
[Date "2008.03.19"]
[Round "5"]
[White "Glud, Jakob Vang"]
[Black "Kristiansen, Jens"]
[WhiteElo "2456"]
[BlackElo "2441"]
[Result "1-0"]
[EventDate "2008.03.15"]
[PlyCount "77"]
[Source "ChessBase"]
[SourceDate "2008.05.06"]

1. c4 f5 2. g3 Nf6 3. Bg2 e5 4. d4 d6 5. Nc3 Be7 6. Nf3 e4 7. Ng5 O-O 8. O-O h6
9. Nh3 g5 10. f3 exf3 11. exf3 c6 12. f4 g4 13. Nf2 Na6 14. d5 c5 15. Nd3 Kh7
16. a3 Nc7 17. Re1 Nd7 18. Qc2 Kg7 19. b4 Bf6 20. Be3 b6 21. Bf2 Re8 22. Rxe8
Nxe8 23. Re1 Rb8 24. Nb5 Ra8 25. Rxe8 Qxe8 26. Nc7 Qe7 27. Nxa8 Nb8 28. bxc5
bxc5 29. Qb3 Na6 30. Qb5 Qb7 31. Qc6 Qb8 32. h4 h5 33. Qe8 Qxa8 34. Ne5 dxe5
35. fxe5 Qb7 36. exf6+ Kxf6 37. Qxh5 Qb1+ 38. Kh2 Qa2 39. Qh8+ 1-0

[Event "87th DEN-ch"]
[Site "Silkeborg DEN"]
[Date "2008.03.19"]
[Round "5"]
[White "Hoei, Carsten"]
[Black "Rasmussen, Allan Stig"]
[WhiteElo "2410"]
[BlackElo "2510"]
[Result "0-1"]
[EventDate "2008.03.15"]
[PlyCount "80"]
[Source "ChessBase"]
[SourceDate "2008.05.06"]

1. d4 d5 2. Nf3 Nf6 3. e3 c5 4. b3 Nc6 5. Bb2 e6 6. Nbd2 Bd6 7. Bd3 Qe7 8. Ne5
cxd4 9. exd4 Ba3 10. Bxa3 Qxa3 11. c3 Qa5 12. Rc1 O-O 13. f4 Bd7 14. O-O Ne7
15. a4 Rac8 16. Qf3 g6 17. b4 Qd8 18. a5 Ne8 19. Rfe1 Nd6 20. Qh3 Kg7 21. Ndf3
Rc7 22. g4 Rh8 23. Qg3 Bc8 24. Nh4 b6 25. axb6 axb6 26. Rf1 f6 27. f5 g5 28.
fxe6 gxh4 29. Qf4 Ng6 30. Nxg6 hxg6 31. g5 f5 32. Rce1 Qe7 33. Qe5+ Kg8 34. Bb1
Rh5 35. Kh1 Nc4 36. Qe2 Rxg5 37. Rg1 Rxg1+ 38. Rxg1 Qxe6 39. Qh5 Kg7 40. Qxh4
Qf6 0-1

[Event "87th DEN-ch"]
[Site "Silkeborg DEN"]
[Date "2008.03.19"]
[Round "5"]
[White "Holmsgaard, Henrik"]
[Black "Boe, Mads"]
[WhiteElo "2324"]
[BlackElo "2337"]
[Result "1-0"]
[EventDate "2008.03.15"]
[PlyCount "69"]
[Source "ChessBase"]
[SourceDate "2008.05.06"]

1. e4 e5 2. Bc4 d6 3. Nc3 Nf6 4. d3 Be6 5. Nge2 Nc6 6. O-O Be7 7. Bb3 Bxb3 8.
axb3 d5 9. exd5 Nxd5 10. Ng3 O-O 11. Nf5 Nxc3 12. bxc3 Bf6 13. Qf3 g6 14. Nh6+
Kg7 15. Ng4 Bg5 16. Bb2 f5 17. Ne3 Kg8 18. Nd5 Bh6 19. b4 a6 20. c4 Bg7 21. c3
Qd7 22. b5 axb5 23. cxb5 Na5 24. b6 e4 25. dxe4 Qb5 26. Ba3 fxe4 27. Qxe4 Rfe8
28. Ne7+ Kf7 29. bxc7 Nc4 30. Bb4 Rac8 31. Qf4+ Bf6 32. Nxc8 Rxc8 33. Rfe1 Kg7
34. Rad1 Ne5 35. Rd6 1-0

[Event "87th DEN-ch"]
[Site "Silkeborg DEN"]
[Date "2008.03.19"]
[Round "5"]
[White "Jakobsen, Ole"]
[Black "Petersen, Tom Petri"]
[WhiteElo "2364"]
[BlackElo "2309"]
[Result "1/2-1/2"]
[EventDate "2008.03.15"]
[PlyCount "48"]
[Source "ChessBase"]
[SourceDate "2008.05.06"]

1. d4 Nf6 2. c4 g6 3. Nc3 Bg7 4. e4 d6 5. f3 O-O 6. Nge2 c5 7. Be3 Nc6 8. d5
Ne5 9. Ng3 e6 10. Be2 exd5 11. cxd5 a6 12. O-O b5 13. a3 Nc4 14. Bxc4 bxc4 15.
Qd2 Re8 16. Rfe1 Rb8 17. Rab1 Rb3 18. Rbc1 Qb6 19. Rc2 Bd7 20. Nge2 Rb8 21. Rb1
Qa5 22. Rbc1 Qb6 23. Rb1 Qa5 24. Rbc1 Qb6 1/2-1/2

[Event "87th DEN-ch"]
[Site "Silkeborg DEN"]
[Date "2008.03.19"]
[Round "5"]
[White "Teplyi, Igor"]
[Black "Matthiesen, Martin"]
[WhiteElo "2251"]
[BlackElo "2365"]
[Result "1/2-1/2"]
[EventDate "2008.03.15"]
[PlyCount "123"]
[Source "ChessBase"]
[SourceDate "2008.05.06"]

1. e4 c6 2. d4 d5 3. Nd2 dxe4 4. Nxe4 Bf5 5. Nc5 Qc7 6. Bd3 Bxd3 7. Nxd3 e6 8.
Nf3 Bd6 9. O-O Nf6 10. c4 O-O 11. c5 Be7 12. Bf4 Qc8 13. Nde5 Nd5 14. Bg3 Nd7
15. Nc4 b6 16. cxb6 axb6 17. Qb3 Qa6 18. Rfc1 c5 19. Nce5 Nxe5 20. Bxe5 Qa4 21.
Qxa4 Rxa4 22. dxc5 bxc5 23. b3 Ra3 24. Bb2 Ra6 25. Rc4 Rd8 26. g3 Nb4 27. a3
Nc6 28. Bc3 Rd3 29. Ne1 Rxc3 30. Rxc3 Bf6 31. Rac1 Bxc3 32. Rxc3 Rxa3 33. Rxc5
Ra6 34. b4 Rb6 35. b5 Ne7 36. Nc2 f6 37. Ne3 Rb8 38. Kf1 Kf7 39. Ke2 e5 40. Kd3
Ke6 41. Kc4 h5 42. Nd5 Nc8 43. Nc3 g5 44. Rc6+ Kf5 45. h3 Ne7 46. Rc7 Ng6 47.
Kc5 e4 48. Ne2 e3 49. Nd4+ Ke4 50. fxe3 Ne5 51. b6 Kxe3 52. Nf5+ Ke4 53. Ng7 h4
54. gxh4 gxh4 55. b7 f5 56. Kb6 f4 57. Ka7 Rxb7+ 58. Kxb7 f3 59. Rc1 f2 60. Rf1
Kf3 61. Nf5 Ke2 62. Rxf2+ 1/2-1/2

[Event "87th DEN-ch"]
[Site "Silkeborg DEN"]
[Date "2008.03.20"]
[Round "6"]
[White "Knudsen, Per"]
[Black "Boe, Mads"]
[WhiteElo "2305"]
[BlackElo "2337"]
[Result "0-1"]
[EventDate "2008.03.15"]
[PlyCount "80"]
[Source "ChessBase"]
[SourceDate "2008.05.06"]

1. Nf3 f5 2. e4 fxe4 3. Ng5 e6 4. d3 Be7 5. h4 Nc6 6. dxe4 Bf6 7. f4 d6 8. Bd3
g6 9. f5 Ne5 10. Nc3 c6 11. Bf4 Qe7 12. fxg6 hxg6 13. Rh3 Nxd3+ 14. Qxd3 e5 15.
Be3 Bxh3 16. Nxh3 Bxh4+ 17. Kd2 Nf6 18. Rf1 Nd7 19. Kc1 Nc5 20. Qe2 Qe6 21. Rd1
b5 22. Ng1 Be7 23. Nf3 b4 24. Bxc5 bxc3 25. Bb4 cxb2+ 26. Kb1 O-O 27. Rh1 Kg7
28. Bc3 Rh8 29. Rd1 Rab8 30. Qa6 Rb6 31. Qa5 Rhb8 32. Nxe5 dxe5 33. Bxe5+ Kg8
34. Rh1 R8b7 35. Rh8+ Kf7 36. Rh7+ Kg8 37. Rh8+ Kf7 38. Rh7+ Ke8 39. c4 Qxc4
40. Rh8+ Kf7 0-1

[Event "87th DEN-ch"]
[Site "Silkeborg DEN"]
[Date "2008.03.20"]
[Round "6"]
[White "Kristiansen, Jens"]
[Black "Jakobsen, Ole"]
[WhiteElo "2441"]
[BlackElo "2364"]
[Result "1-0"]
[EventDate "2008.03.15"]
[PlyCount "47"]
[Source "ChessBase"]
[SourceDate "2008.05.06"]

1. d4 g6 2. e4 Bg7 3. Nc3 c6 4. Nf3 d6 5. Bc4 e6 6. Bf4 d5 7. Bd3 Nf6 8. Qd2 h6
9. e5 Nfd7 10. h4 b6 11. Ne2 Ba6 12. b3 Bxd3 13. Qxd3 Qc8 14. c4 Qa6 15. O-O
O-O 16. h5 gxh5 17. Ng3 Rd8 18. Nxh5 Nf8 19. Qe3 Nbd7 20. Bxh6 Bh8 21. Qg5+ Ng6
22. Nf4 Kh7 23. Qh5 Nxf4 24. Ng5+ 1-0

[Event "87th DEN-ch"]
[Site "Silkeborg DEN"]
[Date "2008.03.20"]
[Round "6"]
[White "Matthiesen, Arne"]
[Black "Petersen, Tom Petri"]
[WhiteElo "2314"]
[BlackElo "2309"]
[Result "1-0"]
[EventDate "2008.03.15"]
[PlyCount "109"]
[Source "ChessBase"]
[SourceDate "2008.05.06"]

1. d4 g6 2. c4 Bg7 3. Nf3 Nf6 4. g3 O-O 5. Bg2 d6 6. O-O Nbd7 7. Nc3 e5 8. e4
c6 9. b3 exd4 10. Nxd4 Re8 11. h3 Nc5 12. Re1 a5 13. Bf4 Nh5 14. Be3 Qf6 15.
Qd2 Qe7 16. Rad1 Nf6 17. f4 Qc7 18. Bf2 Be6 19. Nxe6 Nxe6 20. Qxd6 Qxd6 21.
Rxd6 Red8 22. Rxd8+ Rxd8 23. e5 Nd7 24. Ne4 Bf8 25. Rd1 Be7 26. Bf3 h5 27. Be3
Kf8 28. Kf2 Ke8 29. Nd6+ Bxd6 30. Rxd6 Ke7 31. Rd1 Ra8 32. Ke2 Rc8 33. Kd2 Ra8
34. Kc3 Rc8 35. a3 Ra8 36. Ra1 Kd8 37. Rh1 Ke7 38. Rb1 Kd8 39. Be4 Kc7 40. Rf1
Rg8 41. Bc2 Kd8 42. b4 axb4+ 43. axb4 Kc7 44. c5 Kd8 45. Bb3 Ke7 46. Ra1 Rb8
47. Ra7 Nc7 48. Bc4 Nf8 49. g4 hxg4 50. hxg4 Nd7 51. Bd4 f6 52. exf6+ Nxf6 53.
Be5 Nfd5+ 54. Kb3 Kd7 55. b5 1-0

[Event "87th DEN-ch"]
[Site "Silkeborg DEN"]
[Date "2008.03.20"]
[Round "6"]
[White "Matthiesen, Martin"]
[Black "Antonsen, Mikkel"]
[WhiteElo "2365"]
[BlackElo "2429"]
[Result "0-1"]
[EventDate "2008.03.15"]
[PlyCount "128"]
[Source "ChessBase"]
[SourceDate "2008.05.06"]

1. d4 Nf6 2. Nf3 d5 3. c4 dxc4 4. e3 e6 5. Bxc4 c5 6. O-O a6 7. Bb3 b5 8. a4 b4
9. e4 Bb7 10. e5 Ne4 11. Nbd2 Nxd2 12. Bxd2 cxd4 13. Bg5 Be7 14. Bxe7 Qxe7 15.
Nxd4 O-O 16. Qg4 Nc6 17. Nxc6 Bxc6 18. Rac1 Bb7 19. Rc4 a5 20. Rfc1 Rfd8 21.
Bc2 Rac8 22. Rd1 Rxc4 23. Qxc4 Rc8 24. Qe2 g6 25. Be4 Bxe4 26. Qxe4 Qd7 27. Qf3
Qxa4 28. g4 Qc2 29. Rd7 Rf8 30. b3 a4 31. bxa4 Qxa4 32. Rb7 Qa1+ 33. Kg2 Qxe5
34. Rxb4 Kg7 35. Rb7 g5 36. Rd7 Qf6 37. Qxf6+ Kxf6 38. Kg3 Rc8 39. f3 Rc3 40.
Ra7 Kg6 41. Re7 Kf6 42. Ra7 h5 43. gxh5 Rc4 44. Rb7 Rh4 45. Ra7 Rxh5 46. Rb7
Rh4 47. Ra7 Kg6 48. Re7 Rb4 49. Kh3 Kf6 50. Ra7 e5 51. Kg3 Kg6 52. Re7 f6 53.
Re6 Kf5 54. Re8 g4 55. fxg4+ Rxg4+ 56. Kf3 Ra4 57. Rh8 e4+ 58. Kf2 Ke5 59. h4
Kf4 60. h5 Ra2+ 61. Kg1 e3 62. Re8 Kf3 63. h6 Rg2+ 64. Kh1 Rg6 0-1

[Event "87th DEN-ch"]
[Site "Silkeborg DEN"]
[Date "2008.03.20"]
[Round "6"]
[White "Teplyi, Igor"]
[Black "Hoei, Carsten"]
[WhiteElo "2251"]
[BlackElo "2410"]
[Result "1/2-1/2"]
[EventDate "2008.03.15"]
[PlyCount "49"]
[Source "ChessBase"]
[SourceDate "2008.05.06"]

1. e4 g6 2. d4 Bg7 3. Nf3 d6 4. Bc4 Nc6 5. d5 Nb8 6. O-O Nf6 7. Re1 O-O 8. Nc3
Nbd7 9. h3 Ne5 10. Nxe5 dxe5 11. Bg5 Ne8 12. Qd3 Nd6 13. Rad1 f5 14. exf5 gxf5
15. f4 e4 16. Qe2 a6 17. Bb3 Bd7 18. Qh5 Kh8 19. Qh4 Bf6 20. Ne2 Qe8 21. Qh6
Bg7 22. Qh4 Bf6 23. Qh6 Bg7 24. Qh4 Bf6 25. Qh6 1/2-1/2

[Event "87th DEN-ch"]
[Site "Silkeborg DEN"]
[Date "2008.03.21"]
[Round "7"]
[White "Boe, Mads"]
[Black "Rasmussen, Karsten"]
[WhiteElo "2337"]
[BlackElo "2486"]
[Result "0-1"]
[EventDate "2008.03.15"]
[PlyCount "78"]
[Source "ChessBase"]
[SourceDate "2008.05.06"]

1. d4 Nf6 2. c3 c5 3. Nf3 d5 4. Bf4 Qb6 5. Qb3 Nc6 6. e3 c4 7. Qc2 Bf5 8. Qc1
Nh5 9. Nbd2 Nxf4 10. exf4 Qc7 11. g3 e6 12. Nh4 Bg4 13. Ng2 Be7 14. Ne3 Bh5 15.
Bg2 O-O 16. f5 Bg5 17. O-O Be2 18. Re1 Bd3 19. f4 Bf6 20. Bh3 Rae8 21. fxe6
fxe6 22. Ng4 Qf7 23. Nf2 Bg6 24. Nf3 Kh8 25. Qe3 Qc7 26. Re2 b5 27. Rae1 Bf7
28. Qd2 Qd6 29. Re3 b4 30. Ng4 bxc3 31. bxc3 Bd8 32. Qe2 Ba5 33. Nge5 Nxe5 34.
Nxe5 Bg6 35. Nxg6+ hxg6 36. Qc2 Rf6 37. Qa4 Qd8 38. Kg2 Re7 39. Bxe6 Bxc3 0-1

[Event "87th DEN-ch"]
[Site "Silkeborg DEN"]
[Date "2008.03.21"]
[Round "7"]
[White "Hoei, Carsten"]
[Black "Matthiesen, Martin"]
[WhiteElo "2410"]
[BlackElo "2365"]
[Result "1/2-1/2"]
[EventDate "2008.03.15"]
[PlyCount "33"]
[Source "ChessBase"]
[SourceDate "2008.05.06"]

1. d4 d5 2. Nf3 Nf6 3. c4 e6 4. e3 c5 5. Nc3 Nc6 6. cxd5 exd5 7. Bb5 Bd6 8.
dxc5 Bxc5 9. O-O O-O 10. b3 Bg4 11. Bb2 Bd6 12. Ne2 a6 13. Bxc6 bxc6 14. Ng3
Re8 15. Qc2 Bd7 16. Rfd1 Ne4 17. Nxe4 1/2-1/2

[Event "87th DEN-ch"]
[Site "Silkeborg DEN"]
[Date "2008.03.21"]
[Round "7"]
[White "Jakobsen, Ole"]
[Black "Knudsen, Per"]
[WhiteElo "2364"]
[BlackElo "2305"]
[Result "1-0"]
[EventDate "2008.03.15"]
[PlyCount "171"]
[Source "ChessBase"]
[SourceDate "2008.05.06"]

1. d4 d5 2. Nf3 Nf6 3. c4 c6 4. e3 Bg4 5. Nc3 e6 6. h3 Bh5 7. Qb3 Qb6 8. Ne5
Nfd7 9. Nd3 f6 10. Nf4 Bf7 11. Qxb6 axb6 12. cxd5 exd5 13. Bd3 b5 14. h4 g6 15.
g4 Na6 16. Kd1 Nc7 17. Bd2 b4 18. Nce2 b6 19. Rc1 c5 20. Bxb4 Ra7 21. Bc3 Rxa2
22. g5 c4 23. Bb1 Ra7 24. e4 b5 25. f3 fxg5 26. hxg5 Be7 27. Bd2 O-O 28. Nc3
Nb6 29. Ke2 b4 30. Ncxd5 Nbxd5 31. Nxd5 Nxd5 32. exd5 Bxd5 33. Be4 Bxe4 34.
fxe4 Ra2 35. Rxc4 Rxb2 36. Rg1 Rf4 37. d5 Rh4 38. Rg2 Bd6 39. Kd3 Rh3+ 40. Kd4
Rbb3 41. Rc8+ Kg7 42. Rd8 Rbd3+ 43. Kc4 Be5 44. Rd7+ Kg8 45. Rf2 Rhf3 46. Rxf3
Rxf3 47. Bxb4 Re3 48. Be7 Rxe4+ 49. Kc5 Bf4 50. Bf6 h6 51. Rg7+ Kf8 52. Rxg6
hxg5 53. Bxg5 Be5 54. Ra6 Kf7 55. Bd2 Re2 56. Ra2 Ke8 57. d6 Bxd6+ 58. Kxd6 Kf7
59. Ra7+ Kf6 60. Bc3+ Kf5 61. Kd5 Kf4 62. Rf7+ Kg5 63. Be5 Ra2 64. Bd4 Ra8 65.
Ke4 Ra6 66. Rf1 Kg6 67. Rg1+ Kf7 68. Rg7+ Ke8 69. Kd5 Ra5+ 70. Kc6 Kf8 71. Rb7
Ra6+ 72. Bb6 Ra2 73. Bc5+ Kg8 74. Kd5 Rh2 75. Bd6 Rh7 76. Rb1 Rh5+ 77. Be5 Kf7
78. Rb7+ Kg6 79. Ke6 Rh7 80. Rb1 Ra7 81. Rg1+ Kh7 82. Kf5 Ra2 83. Rg7+ Kh6 84.
Rb7 Ra5 85. Rb8 Ra7 86. Rb2 1-0

[Event "87th DEN-ch"]
[Site "Silkeborg DEN"]
[Date "2008.03.21"]
[Round "7"]
[White "Kristiansen, Jens"]
[Black "Rasmussen, Allan Stig"]
[WhiteElo "2441"]
[BlackElo "2510"]
[Result "0-1"]
[EventDate "2008.03.15"]
[PlyCount "80"]
[Source "ChessBase"]
[SourceDate "2008.05.06"]

1. d4 d5 2. c4 dxc4 3. Nf3 Nf6 4. Nc3 a6 5. e4 b5 6. e5 Nd5 7. a4 Bb7 8. e6
fxe6 9. Be2 Nxc3 10. bxc3 Qd5 11. Ng5 Qxg2 12. Rf1 Nd7 13. Nxe6 Rc8 14. axb5
axb5 15. Ra7 Nf6 16. Bf4 Qc6 17. Be5 Qxe6 18. Rxb7 Qa6 19. Bf3 c6 20. Rb8 Rxb8
21. Bxb8 Nd5 22. Bxd5 cxd5 23. Qh5+ g6 24. Qe5 Rg8 25. Qxd5 e6 26. Qe4 Kd7 27.
Ke2 Ba3 28. Qf4 Qb7 29. Be5 Rf8 30. Qg4 Rf5 31. Rd1 h5 32. Qg3 Qe4+ 33. Kf1 Rf3
34. Qg5 Be7 35. Qc1 Ke8 36. Qb2 Kf7 37. Kg1 Rxc3 38. Ra1 Qg4+ 39. Bg3 Qxd4 40.
Qb1 h4 0-1

[Event "87th DEN-ch"]
[Site "Silkeborg DEN"]
[Date "2008.03.21"]
[Round "7"]
[White "Nielsen, Peter Heine"]
[Black "Glud, Jakob Vang"]
[WhiteElo "2629"]
[BlackElo "2456"]
[Result "1-0"]
[EventDate "2008.03.15"]
[PlyCount "79"]
[Source "ChessBase"]
[SourceDate "2008.05.06"]

1. d4 d5 2. c4 e6 3. Nc3 Be7 4. Bf4 Nf6 5. e3 O-O 6. Nf3 c5 7. dxc5 Bxc5 8. a3
Nc6 9. Qc2 Qa5 10. O-O-O Be7 11. h4 Rd8 12. Nd2 a6 13. g4 dxc4 14. Nxc4 Rxd1+
15. Qxd1 Qd8 16. Qxd8+ Bxd8 17. Bg2 e5 18. Nxe5 Nxe5 19. Bxe5 Nxg4 20. Bg3 Kf8
21. Rd1 Ke8 22. Na4 a5 23. Nc5 Ra7 24. Bf1 Be7 25. Bb5+ Kf8 26. Na4 Be6 27. Nb6
Bc5 28. Nd7+ Bxd7 29. Rxd7 f6 30. Rc7 Be7 31. Rc8+ Kf7 32. h5 g6 33. Bb8 Ra8
34. Bc4+ Kg7 35. Rg8+ Kh6 36. hxg6 Ne5 37. gxh7 Kxh7 38. Bxe5 Rxg8 39. Bxg8+
Kxg8 40. Bc3 1-0

[Event "87th DEN-ch"]
[Site "Silkeborg DEN"]
[Date "2008.03.21"]
[Round "7"]
[White "Petersen, Tom Petri"]
[Black "Jacobsen, Bo"]
[WhiteElo "2309"]
[BlackElo "2316"]
[Result "1/2-1/2"]
[EventDate "2008.03.15"]
[PlyCount "95"]
[Source "ChessBase"]
[SourceDate "2008.05.06"]

1. e4 g6 2. d4 Bg7 3. Nc3 d6 4. Be3 c6 5. Nf3 Nd7 6. Qd2 e5 7. dxe5 dxe5 8. Rd1
Qe7 9. a4 Ngf6 10. h3 O-O 11. Qd6 Qxd6 12. Rxd6 Re8 13. Bc4 Bf8 14. Rd1 Bb4 15.
Nd2 Nc5 16. Bxc5 Bxc5 17. Ne2 a6 18. Nc1 b5 19. Bb3 Bb4 20. c3 Bf8 21. O-O Bb7
22. f4 Bc5+ 23. Kh2 exf4 24. Nd3 Nd7 25. Nxc5 Nxc5 26. Rxf4 Re7 27. Rdf1 Rd8
28. Rxf7 Rxf7 29. Bxf7+ Kg7 30. Nb3 Nd3 31. Nd4 Bc8 32. Bb3 Nxb2 33. Nxc6 Rd3
34. axb5 Rxc3 35. Rf7+ Kh6 36. Bd5 axb5 37. Rc7 Ba6 38. Ra7 Bc8 39. Rc7 Ba6 40.
Ra7 Bc8 41. Ra5 Nd3 42. Rxb5 Nf4 43. Rb2 Bxh3 44. gxh3 Rxh3+ 45. Kg1 Rd3 46.
Nb4 Rd4 47. Kh2 Kg5 48. Nc6 1/2-1/2

[Event "87th DEN-ch"]
[Site "Silkeborg DEN"]
[Date "2008.03.21"]
[Round "7"]
[White "Schandorff, Lars"]
[Black "Hansen, Sune Berg"]
[WhiteElo "2526"]
[BlackElo "2549"]
[Result "1/2-1/2"]
[EventDate "2008.03.15"]
[PlyCount "31"]
[Source "ChessBase"]
[SourceDate "2008.05.06"]

1. d4 d5 2. c4 c6 3. Nf3 Nf6 4. e3 Bf5 5. Nc3 e6 6. Nh4 Bg6 7. Be2 Nbd7 8. O-O
Bd6 9. g3 Qe7 10. b3 O-O 11. Nxg6 hxg6 12. Bf3 a6 13. Bd2 Bb4 14. Bg2 b5 15. c5
a5 16. Ne2 1/2-1/2

[Event "87th DEN-ch"]
[Site "Silkeborg DEN"]
[Date "2008.03.22"]
[Round "8"]
[White "Boe, Mads"]
[Black "Hoei, Carsten"]
[WhiteElo "2337"]
[BlackElo "2410"]
[Result "0-1"]
[EventDate "2008.03.15"]
[PlyCount "76"]
[Source "ChessBase"]
[SourceDate "2008.05.06"]

1. e4 Nc6 2. Nf3 g6 3. d4 Bg7 4. c3 d6 5. Be3 Nf6 6. h3 O-O 7. Bd3 e5 8. Nbd2
Qe7 9. Qb3 a5 10. a3 a4 11. Qc2 Bd7 12. g4 Na5 13. Nf1 Nb3 14. Rd1 exd4 15.
cxd4 c5 16. dxc5 Nxc5 17. Bxc5 dxc5 18. Ng3 Bc6 19. O-O Nd7 20. Nd2 Qf6 21. Rb1
b5 22. f4 Qd4+ 23. Kh2 c4 24. Be2 Nc5 25. e5 Rad8 26. Rbd1 Qe3 27. Qc3 Qxc3 28.
bxc3 Nd3 29. Nde4 Nxf4 30. Nf6+ Bxf6 31. exf6 Rxd1 32. Rxd1 Nd5 33. Ne4 Ne3 34.
Rb1 Bxe4 35. Rxb5 Bd3 36. Bf3 Nc2 37. Ra5 Nxa3 38. Rxa4 Nb5 0-1

[Event "87th DEN-ch"]
[Site "Silkeborg DEN"]
[Date "2008.03.22"]
[Round "8"]
[White "Hansen, Sune Berg"]
[Black "Antonsen, Mikkel"]
[WhiteElo "2549"]
[BlackElo "2429"]
[Result "1/2-1/2"]
[EventDate "2008.03.15"]
[PlyCount "47"]
[Source "ChessBase"]
[SourceDate "2008.05.06"]

1. e4 e5 2. Nf3 Nf6 3. Nxe5 d6 4. Nf3 Nxe4 5. d4 d5 6. Bd3 Bd6 7. O-O O-O 8. c4
c6 9. Re1 Bg4 10. Bxe4 dxe4 11. Rxe4 f5 12. Re6 Qd7 13. Re1 Na6 14. Bd2 Rae8
15. Nc3 Bb8 16. h3 Bh5 17. Rxe8 Rxe8 18. Ne5 Bxe5 19. Qxh5 Bxd4 20. Rd1 Qf7 21.
Qxf7+ Kxf7 22. Kf1 Nc5 23. Be1 Bf6 24. g3 1/2-1/2

[Event "87th DEN-ch"]
[Site "Silkeborg DEN"]
[Date "2008.03.22"]
[Round "8"]
[White "Knudsen, Per"]
[Black "Petersen, Tom Petri"]
[WhiteElo "2305"]
[BlackElo "2309"]
[Result "1/2-1/2"]
[EventDate "2008.03.15"]
[PlyCount "62"]
[Source "ChessBase"]
[SourceDate "2008.05.06"]

1. Nf3 g6 2. d4 Bg7 3. c4 d6 4. Nc3 Bg4 5. g3 Qc8 6. h4 c5 7. Be3 cxd4 8. Bxd4
Nf6 9. Nd5 Nbd7 10. Qa4 Nxd5 11. cxd5 Bxf3 12. exf3 O-O 13. Bxg7 Kxg7 14. h5
Nf6 15. hxg6 hxg6 16. Qf4 Rh8 17. Rxh8 Qxh8 18. Rc1 Rc8 19. Rc4 Qd8 20. Qd2
Rxc4 21. Bxc4 Qb6 22. b4 Qc7 23. Bb5 a6 24. Be2 Qd7 25. g4 Qa4 26. Qc3 Kh7 27.
Bc4 Qd7 28. Qd2 Qc8 29. Bb3 Kg8 30. Kf1 Nd7 31. f4 Nf6 1/2-1/2

[Event "87th DEN-ch"]
[Site "Silkeborg DEN"]
[Date "2008.03.22"]
[Round "8"]
[White "Matthiesen, Arne"]
[Black "Nielsen, Peter Heine"]
[WhiteElo "2314"]
[BlackElo "2629"]
[Result "1/2-1/2"]
[EventDate "2008.03.15"]
[PlyCount "140"]
[Source "ChessBase"]
[SourceDate "2008.05.06"]

1. d4 d5 2. c4 c6 3. Nf3 Nf6 4. Nc3 dxc4 5. a4 Bf5 6. Ne5 Nbd7 7. Nxc4 Qc7 8.
Bg5 e5 9. e3 Bb4 10. Bd3 exd4 11. exd4 Be6 12. O-O O-O 13. Qf3 Bg4 14. Bf4 Qd8
15. Qg3 Be6 16. Bd6 Bxd6 17. Nxd6 Qb8 18. Nf5 Qxg3 19. hxg3 Rfd8 20. a5 Bxf5
21. Bxf5 Nb8 22. Ra4 Na6 23. Rd1 Nc7 24. Rb4 Rab8 25. Bc2 Nfd5 26. Rb3 g6 27.
Be4 Nf6 28. Bf3 h5 29. Ne4 Nxe4 30. Bxe4 a6 31. Bf3 Nb5 32. d5 c5 33. d6 Rxd6
34. Rxd6 Nxd6 35. Rb6 Rd8 36. Kf1 Rd7 37. g4 hxg4 38. Bxg4 f5 39. Bf3 Kf8 40.
g4 Ke8 41. g5 Kd8 42. b3 Kc7 43. Kg2 Re7 44. Kg3 Re1 45. Kf4 Rf1 46. Ke5 Rxf2
47. Rxd6 Rxf3 48. Rxg6 Rxb3 49. Kd5 f4 50. Rg7+ Kb8 51. g6 Rg3 52. Kxc5 Rg5+
53. Kb4 f3 54. Rf7 Rg4+ 55. Kb3 Rxg6 56. Rxf3 Kc7 57. Rc3+ Kd6 58. Rc4 Rg1 59.
Kb4 Rb1+ 60. Ka4 Rb5 61. Rh4 Rd5 62. Rc4 Rc5 63. Rh4 Kd5 64. Rh5+ Kd4 65. Rh4+
Kc3 66. Rh3+ Kc2 67. Rh7 Rb5 68. Rh2+ Kb1 69. Rh1+ Kc2 70. Rh2+ Kc3 1/2-1/2

[Event "87th DEN-ch"]
[Site "Silkeborg DEN"]
[Date "2008.03.22"]
[Round "8"]
[White "Rasmussen, Karsten"]
[Black "Kristiansen, Jens"]
[WhiteElo "2486"]
[BlackElo "2441"]
[Result "1/2-1/2"]
[EventDate "2008.03.15"]
[PlyCount "132"]
[Source "ChessBase"]
[SourceDate "2008.05.06"]

1. c4 f5 2. g3 Nf6 3. Bg2 g6 4. Nf3 Bg7 5. O-O O-O 6. Nc3 d6 7. b4 Ne4 8. Bb2
Nxc3 9. Bxc3 Bxc3 10. dxc3 e6 11. Nd4 Qe7 12. Qd2 e5 13. Nb3 Nd7 14. Na5 e4 15.
Qd5+ Qf7 16. f3 Qxd5 17. cxd5 exf3 18. exf3 f4 19. Bh3 Ne5 20. Bxc8 Raxc8 21.
Nxb7 fxg3 22. hxg3 Nxf3+ 23. Kg2 Ne5 24. Na5 Ng4 25. Nc4 Rce8 26. Rf4 h5 27.
Kf3 g5 28. Rxf8+ Rxf8+ 29. Ke4 Rf2 30. a4 Nf6+ 31. Kd4 Rg2 32. Rf1 Kg7 33. Ne3
Rd2+ 34. Kc4 Kg6 35. a5 Ne4 36. Nf5 Rf2 37. Rxf2 Nxf2 38. Ne3 Kf6 39. Kd4 h4
40. gxh4 gxh4 41. c4 h3 42. Nf1 Ng4 43. c5 dxc5+ 44. Kxc5 Ke5 45. Kc6 Nf6 46.
d6 cxd6 47. b5 Nd5 48. Kb7 Kd4 49. Kxa7 Ne3 50. Nxe3 Kxe3 51. b6 h2 52. b7 h1=Q
53. b8=Q d5 54. Qe5+ Qe4 55. Qc3+ Kf2 56. a6 d4 57. Qb2+ Ke3 58. Qc1+ Ke2 59.
Qc4+ Ke3 60. Kb6 Qb1+ 61. Kc5 Qf5+ 62. Kc6 Qc8+ 63. Kb5 Qxc4+ 64. Kxc4 d3 65.
a7 d2 66. a8=Q d1=Q 1/2-1/2